Statistics for French Lesson 1 Nouns

Click here to take the quiz!

General Stats

  • This quiz has been taken 99 times
  • The average score is 53 of 103

Answer Stats

EnglishFrench% Correct
catchat
95%
booklivre
95%
breadpain
93%
ageâge
90%
brotherfrère
90%
boygarçon
90%
fatherpère
88%
gardenjardin
86%
friend (m.)ami
83%
dogchien
83%
friend (f.)amie
81%
flowerfleur
81%
carvoiture
81%
artistartiste
79%
bankbanque
79%
beachplage
79%
hatchapeau
76%
girlfille
76%
manhomme
76%
housemaison
76%
mothermère
76%
handmain
74%
nightnuit
74%
hotelhôtel
71%
orangeorange
71%
sistersœur
71%
cowvache
71%
city/townville
71%
winevin
71%
cinemacinéma
69%
hospitalhôpital
69%
worktravail
69%
ideaidée
67%
womanfemme
64%
windowfenêtre
64%
forestforêt
64%
telephonetéléphone
64%
horsecheval
62%
museummusée
62%
eyeœil
62%
tabletable
62%
castlechâteau
60%
childenfant
60%
radioradio
60%
personpersonne
57%
creamcrème
55%
differencedifférence
55%
kneegenou
55%
newspaperjournal
55%
languagelangue
55%
officebureau
52%
nationnation
52%
pagepage
52%
cabbagechou
50%
islandîle
50%
universityuniversité
50%
lamplampe
48%
doctormédecin
48%
nosenez
48%
touristtouriste
48%
architectarchitecte
45%
busautobus
45%
shirtchemise
45%
energyénergie
43%
firefeu
43%
history/storyhistoire
43%
lessonleçon
43%
soccerfootball
40%
clockhorloge
40%
choicechoix
38%
student (m.)étudiant
36%
bookstorelibrairie
36%
bulltaureau
36%
librarybibliothèque
33%
student (f.)étudiante
33%
owlhibou
33%
journalistjournaliste
33%
teacher/professorprofesseur
33%
beautybeauté
31%
dancer (m.)danseur
31%
dancer (f.)danseuse
31%
detaildétail
31%
victimvictime
29%
authorauteur
26%
festivalfestival
26%
nurse (m.)infirmier
26%
jewelbijou
24%
nurse (f.)infirmière
24%
factoryusine
24%
harpharpe
21%
engineeringénieur
21%
confidenceconfiance
19%
dictionarydictionnaire
19%
herohéros
19%
tyrepneu
19%
suitcasevalise
19%
literaturelittérature
17%
bruisebleu
14%
writerécrivain
14%
shamehonte
14%
witnesstémoin
10%
pebblecaillou
5%
pipetuyau
5%

Score Distribution

Percentile by Number Answered

Percent of People with Each Score

Your Score History

You have not taken this quiz